Toutes les Icones présentes sur FIFA 23 + Surprise d'un ancien FIFA - Statistiques

Statistiques générales
  • Ce quiz a été pris 680 fois
  • Le résultat moyen est 63 sur 104
Statistiques - réponses
Nationalité Poste Réponse % Correct
France Milieu Offensif Zinédine Zidane
89%
Portugal Buteur Eusébio
84%
France Buteur Thierry Henry
83%
Allemagne Défenseur Droit Philpp Lahm
82%
Irlande du Nord Ailier Droit George Best
81%
Espagne Gardien Iker Casillas
80%
Brésil Buteur Ronaldo
80%
France Défenseur Central Laurent Blanc
79%
France Défenseur Central Marcel Desailly
79%
Espagne Milieu Central Xavi
79%
Italie Défenseur Central Paolo Maldini
77%
Côte d'Ivoire Buteur Didier Drogba
75%
France Milieu Défensif Emmanuel Petit
75%
Brésil Milieu Offensif/Buteur Pelé
75%
Brésil Défenseur Gauche Roberto Carlos
75%
France Buteur David Trezeguet
73%
Irlande Milieu Central/Défensif Roy Keane
73%
Pays-Bas Milieu Central Ruud Gullit
73%
Cameroun Buteur Samuel Eto'o
73%
Angleterre Défenseur Gauche Joe Cole
72%
Angleterre Milieu Central Steven Gerrard
72%
Espagne Défenseur Central Carles Puyol
71%
Portugal Milieu Offensif/Central Luis Figo
71%
Brésil Milieu Offensif/Ailier Gauche/Droit Ronaldinho
71%
France Milieu Défensif Claude Makélélé
70%
Écosse Buteur Kenny Dalglish
70%
Angleterre Défenseur Central Rio Ferdinand
70%
Hongrie Buteur Ferenc Puskás
69%
Espagne Buteur Fernando Torres
69%
Russie Gardien Lev Yashin
69%
Angleterre Ailier Gauche/Droit/Milieu Central/Milieu Offensif Frank Lampard
68%
Pays-Bas Gardien Edwin Van Der Sar
67%
Allemagne Buteur Gerd Müller
67%
Pays-Bas Buteur Johan Cruyff
67%
République Tchèque Gardien Petr Čech
67%
Brésil Défenseur Droit Cafu
66%
Roumanie Ailier Gauche/Droit/Milieu Offensif Gheorghe Hagi
66%
Pays de Galles Buteur Ian Rush
66%
France Milieu Central/Défensif Patrick Vieira
66%
Ukraine Buteur Andriy Shevchenko
65%
Argentine Milieu Offensif Diego Armando Maradona
65%
France Ailier Gauche Robert Pirès
65%
Angleterre Milieu Offensif/Ailier Droit David Beckham
64%
Pays-Bas Buteur Marco Van Basten
64%
Serbie Défenseur Central Nemanja Vidić
64%
Danemark Gardien Peter Schmeichel
64%
Brésil Ailier Droit Garrincha
63%
Argentine Défenseur Droit Javier Zanetti
63%
République Tchèque Ailier Gauche/Droite Pavel Nedvěd
63%
Italie Milieu Central Andrea Pirlo
62%
Angleterre Buteur Wayne Rooney
62%
Angleterre Défenseur Central Bobby Moore
61%
Libéria Buteur George Weah
61%
Italie Défenseur Central Fabio Cannavaro
60%
Allemagne Buteur Miroslav Klose
60%
Espagne Buteur Emilio Butragueño
59%
Brésil Milieu Offensif Kaká
59%
Ghana Milieu Défensif Michael Essien
59%
Suède Buteur Henrikh Larsson
58%
Italie Défenseur Central Alessandro Nesta
57%
Brésil Défenseur Droit Carlos Alberto
57%
Espagne Défenseur Central Fernando Hierro
57%
Nigéria Milieu Offensif Jay-Jay Okocha
57%
Danemark Milieu Offensif Michael Laudrup
57%
Angleterre Buteur Michael Owen
57%
Japon Milieu Offensif Hidetoshi Nakata
56%
Portugal Milieu Central Rui Costa
56%
Italie Buteur Alessandro Del Piero
55%
Croatie Buteur Davor Šuker
55%
Italie Défenseur Central Franco Baresi
55%
Bulgarie Buteur Hristo Stoichkov
55%
Mexique Buteur Hugo Sánchez
55%
Allemagne Milieu Central Lothar Matthäus
55%
Finlande Milieu Offensif Jari Litmanen
54%
Mexique Buteur Luis Hernández
54%
Brésil Milieu Offensif/Ailier Droit Rivaldo
54%
Angleterre Ailier Gauche John Barnes
53%
Argentine Milieu Central Juan Sebastián Verón
53%
Italie Milieu Offensif Roberto Baggio
53%
France Buteur Eric Cantona
52%
Italie Défenseur Latéral Droit Gianluca Zambrotta
52%
Allemagne Milieu Central Michael Ballack
51%
Angleterre Défenseur Central Saul Campbell
51%
Argentine Buteur Hernán Crespo
50%
Pays-Bas Buteur Robie Van Persie
50%
Brésil Milieu Offensif Sócrates
49%
Angleterre Buteur Garry Lineker
47%
Brésil Ailier Droit Jairzinho
47%
Angleterre Buteur Alan Shearer
45%
Pays-Bas Défenseur Central Ronald Koeman
45%
Espagne Buteur Raúl
44%
Pays-Bas Buteur Ruud Van Nistelrooy
44%
Angleterre Milieu Central Paul Scholes
43%
Espagne Milieu Central Xabi Alonso
43%
Allemagne Milieu Central Bastian Schweinsteiger
42%
Argentine Milieu Central Riquelme
42%
Pays-Bas Milieu Central/Défensif Frank Rijkaard
40%
Italie Buteur Gianfranco Zola
40%
Pays-Bas Milieu Central/Offensif Clarence Seedorf
39%
Italie Milieu Central Gennaro Gattuso
38%
Angleterre Buteur Ian Wright
36%
Pays-Bas Buteur Patrick Kluivert
35%
Italie Buteur Christian Vieri
34%
Pays-Bas Ailier Gauche Dennis Bergkamp
29%
Aucun quiz correspondant
Distribution des résultats
% des personnes avec chaque résultat
Percentile par nombre de réponses
Votre historique - résultats
Vous n’avez pas pris ce quiz